Face recognition -based attendance system / (Record no. 234525)

MARC details
000 -LEADER
fixed length control field 00551nam a22001697a 4500
003 - CONTROL NUMBER IDENTIFIER
control field OSt
005 - DATE AND TIME OF LATEST TRANSACTION
control field 20250624152846.0
008 - FIXED-LENGTH DATA ELEMENTS--GENERAL INFORMATION
fixed length control field 250624b |||||||| |||| 00| 0 eng d
040 ## - CATALOGING SOURCE
Transcribing agency AIMIT LIBRARY
100 ## - MAIN ENTRY--PERSONAL NAME
Personal name Dhanyashre K.
Relator term 222103
9 (RLIN) 215938
245 ## - TITLE STATEMENT
Title Face recognition -based attendance system /
Statement of responsibility, etc. By Dhanyashree K.
260 ## - PUBLICATION, DISTRIBUTION, ETC.
Place of publication, distribution, etc. Mangalore ;
Date of publication, distribution, etc. 2024.
700 ## - ADDED ENTRY--PERSONAL NAME
Personal name Pinto, Jeevan.
Relator term Mentor
9 (RLIN) 215939
700 ## - ADDED ENTRY--PERSONAL NAME
Personal name Kakunje, GK Bhat.
Relator term Guide
9 (RLIN) 215940
856 ## - ELECTRONIC LOCATION AND ACCESS
Materials specified Kakunje Software Private Limited, Mangalore
Uniform Resource Identifier <a href="www.kakunjesoftware.com">www.kakunjesoftware.com</a>
942 ## - ADDED ENTRY ELEMENTS (KOHA)
Source of classification or shelving scheme Dewey Decimal Classification
Koha item type Project Report
Holdings
Withdrawn status Lost status Source of classification or shelving scheme Damaged status Not for loan Collection code Home library Current library Date acquired Total Checkouts Barcode Date last seen Copy number Uniform Resource Identifier Price effective from Koha item type
    Dewey Decimal Classification   Not for loan Project Report M.Sc. Data Science St Aloysius Institute of Management & Information Technology St Aloysius Institute of Management & Information Technology 08/01/2024   PDS00003 06/24/2025 222103 www.kakunjesoftware.com 06/24/2025 Project Report